|
|
|
|
| LEADER |
00823ncm a22002292a 4500 |
| 001 |
001404441 |
| 003 |
CZ BrMZK |
| 005 |
20140716142756.0 |
| 007 |
qu |
| 008 |
140716q19uu gw ||||| |||||||||||zxx d |
| 040 |
|
|
|a BOA001
|b cze
|
| 072 |
|
7 |
|a 786
|x Hudba pro klávesové nástroje
|2 Konspekt
|9 9
|
| 100 |
1 |
|
|a Auber, Daniel François Esprit,
|d 1782-1871
|7 jn20001227475
|4 cmp
|
| 245 |
1 |
4 |
|a Die Stumme von Portici
|h [hudebnina] :
|b Ouvertüre : Piano /
|c D.F.E. Auber
|
| 260 |
|
|
|a Mainz :
|b B. Schott's Söhne,
|c [19--?]
|
| 300 |
|
|
|a 1 partitura (13 s.)
|
| 490 |
1 |
|
|a Edition Schott Einzel-Ausgabe ;
|v 01748
|
| 830 |
|
0 |
|a Edition Schott Einzel-Ausgabe
|
| 910 |
|
|
|a BOA001
|b Mus4-0165.000,01748
|
| 990 |
|
|
|a MU
|
| 991 |
|
|
|b 201407
|
| 996 |
6 |
|
|b 2619688506
|c Mus4-0165.000,01748
|l MZK
|r Sklad / do 1 hodiny
|n 0
|w 001439557
|u 000010
|a 1
|e BOA001
|j MZK50
|s P
|